00289nam a22000977a 4500008004100000082001600041100000800057245009600065260002200161300000800183230621b xxu||||| |||| 00| 0 eng d a328.30bCPA cCPA a4th Commonwealth Parliamentary Conference of Members from Small CountriesbIsle of Man 1984 aLondonbCPAc1984 a89p